Quizzes
Events
Quiz Creation
Community
Videos
Private Events
Remove Ads
Sign In
Join for FREE
Feedback
Dark Mode
Quiz Categories
Sports
Geography
Music
Movies
Television
Just For Fun
Miscellaneous
History
Literature
Language
Science
Gaming
Entertainment
Religion
Holiday
For Kids
Quiz Lab
Recent
Popular Today
Quiz Kudos Today
Editor Picks
Curator Picks
Quizzes by...
Day
Popularity
Type
Ratings
Length
Year
Community
Subscriptions
Recent Discussions
Orange Saloon
Badges
Playlists
Quests
Create
Leaderboards
Showdown
Live 5
Trivia Bingo
Activity
Puzzle Library
Sporcle Events
Private Events
Virtual Trivia
Globe League
Become a Host
Pub Owners
SporcleCon
Opinionation
Our Games
Videos
Blog
Mobile Apps
Partnerships
Remove Ads and Go Orange
Feedback
Sports
Athletes
MLB
NBA
NHL
NFL
Soccer
Sports Teams
WWE
NCAA
Football
Premier League
Basketball
Baseball
Hockey
Golf
Tennis
Cricket
Rugby
Auto Racing
Olympics
World Cup
Sports
Athletes
MLB
NBA
NHL
NFL
Soccer
Sports Teams
WWE
NCAA
Football
Premier League
Basketball
Baseball
Hockey
Golf
Tennis
Cricket
Rugby
Auto Racing
Olympics
World Cup
Random Quiz
Search Sporcle
×
Quiz Lab
Quiz Lab
Sports
NCAA
Type in answers that appear in a list
Type in answers that appear in a list
Classic
Best Score? Go Orange.
2012 NCAA Basketball Conference Champions Stats
Can you name the Division I teams that won their NCAA College Basketball conference in 2012?
By
Treverbeast454
5m
32 Questions
3,631 Plays
3,631 Plays
3,631 Plays
Comments
Comments
Give Quiz Kudos
Give Quiz Kudos
-
- Ratings
hide this ad
More Info
Replay
Link that replays current quiz
Next Quiz
Link to next quiz in quiz playlist
You Got
0%
They Got
Avg Score
46%
Avg Friend Score
Upgrade to see
Score Distribution
Jump to the score distribution portion of the page
Score
0/32
Timer
05:00
0
Plays Today
Conference
Champion
% Correct
Big Ten
Michigan State
81.3%
Atlantic Coast Conf.
Florida State
77.7%
Ivy League**
Harvard
77.2%
Big East
Louisville
69.4%
Big 12
Missouri
65.8%
Southeastern Conf.
Vanderbilt
62.8%
Pac-
12
Colorado
61.5%
Mid-
American
Ohio
61.4%
Conference USA
Memphis
57.2%
West Coast
Saint Mary's
55.9%
Colonial
VCU
51.6%
Missouri Valley Conf.
Creighton
48.3%
Mountain West Conf.
New Mexico
48.1%
Atlantic 10
Saint Bonaventure
46.3%
Big Sky
Montana
46%
Ohio Valley
Murray State
43.9%
Conference
Champion
% Correct
America East
Vermont
43.6%
Sun Belt
Western Kentucky
41.4%
Patriot League
Lehigh
41.3%
Atlantic Sun
Belmont
38.6%
Horizon League
Detroit
35.1%
Western Athletic
New Mexico State
34.5%
Southern Conf.
Davidson
33.7%
Big West
Long Beach State
33.2%
Summit League
South Dakota State
33.2%
Mid-
Eastern Athletic
Norfolk State
32.7%
Northeast Conf.
LIU Brooklyn
30.1%
Southland
Lamar
28.9%
Big South
UNC-Asheville
28.6%
Southwestern Athletic
Mississippi Valley State
28%
Metro Atlantic
Loyola
25.3%
Great West*
North Dakota
14.2%
Quiz Playlist
Details
Report
Send in Message
Add To Playlist
More Info:
*does not have an automatic bid into the NCAA tournament
Classic:
Type in answers that appear in a list
Quiz Source
Last Updated: Feb 16, 2017
Quiz Scoreboard
CHALLENGE
Sign Up to Join the Scoreboard
Show All
Scores
Hide
Comments
May contain spoilers
Recently Published
Decade Duel: World Leaders
by jenniferyan
History
4m
Alphabetical 'K' Countries by Flag Minefield
by ylime102
Geography
3m
Pick 6: Fruits
by JohnFran
Miscellaneous
15s
More to Explore
Quiz From the Vault
Featured Blog Post
15 Basketball Trivia Facts You Can Be March Mad About
hide this ad
You Might Also Like...
Tags
Basketball Quiz
College Quiz
NCAA Quiz
2012
champion
Conference
Division
Division I
March Madness
NCAA Basketball
Tournament
Won
Today's Top Quizzes in Sports
Browse Sports
hide this ad
Today's Top Quizzes in NCAA
Browse NCAA
Top Contributed Quizzes in Sports
1
Les joueurs à 100 buts en Ligue 1 Uber Eats
2
Pick 6: NFL Teams
3
2022 World Cup Stars
4
MLB 2 truths and a lie: Hall of Fame pitchers
5
Millionaire: NBA Finals Edition
6
Pick 6: Minor League Baseball
7
Criteria MLB: Left Handed Sluggers
8
Click the 1998 NBA Draft
9
Pick 6: Olympics
10
Don't Strike Out: 3000 Strikeouts
Explore More
Trending Topics
Harry Potter
Marvel
Crossword
Anime
NBA
Disney
Kpop
The Office
Puzzle
Soccer
Pokémon
Song
NFL
Country
WWE
hide this ad
More By:
Treverbeast454
Quiz
Plays
Rating
Category
Featured
Created
Name the Month by US Holiday
284,745
3.98
Holiday
Apr 9, 2011
NFL Team by Star Wars Helmet
276,982
4.54
Sports
Feb 7, 2014
SpongeBob Logic Puzzle
248,520
4.40
Television
Nov 19, 2012
Germany's Borders
195,437
4.46
Geography
Sep 13, 2011
Disney, Nickelodeon, or Cartoon Network
162,251
4.30
Television
Nov 27, 2010
Go to Creator's Profile
Score Distribution
Quiz Creator Spotlight
Treverbeast454
Follow
Send a Message
Quizzes Created
-
Created Quiz Play Count
-
More By This Creator
Popular Quizzes Today
1
Countries of Asia Without Outlines Minefield
2
Find the US States - No Outlines Minefield
3
Pick 6: Fruits
4
Alphabetical 'K' Countries by Flag Minefield
5
The Countries of the World
6
Find the Countries of Europe - No Outlines Minefield
7
Find the US States
8
US States
More Sports Quizzes
Last XI: André Schürrle
Quiz Lab
Trending Quizzes
Pick 6: Mountains
Pick 6: Harry Potter
Pick 6: Flags
Pick 6: NFL Teams
Pick 6: Movie Franchises
Recently Updated
NWSL Teams
pecheneg
Women's Final Four Teams by Year
bhenderson79
Presidents Quartet II
eogle
Anything But Clue(do)
eogle
Anything But Oceanian Capitals
eogle
Anything But 7
eogle
Anything But Thing
eogle
Word Ladder: February 29
pecheneg
Song Title Questions
pecheneg
Women's NCAA Tournament #1 Seeds
pecheneg
Trending Topics
Kpop
NBA
Harry Potter
Anime
Marvel
Disney
Crossword
The Office
NFL
WWE
Soccer
Country
Song
Pokémon
Puzzle
Your Account Isn't Verified!
In order to create a playlist on Sporcle, you need to verify the email address you used during registration. Go to your
Sporcle Settings
to finish the process.
Report this User
Report this user for behavior that violates our
Community Guidelines
.
Details:
Send Report
Go to the Sporcle.com Mobile Site →
Comments